Statistics for NFL Draft 2022 & 2023: Ohio State

Click here to take the quiz!

General Stats

  • This quiz has been taken 65 times
  • The average score is 7 of 12

Answer Stats

Drafted:Team:Player:% Correct
Round 1 Pick 10JetsGarrett Wilson
96%
Round 1 Pick 11SaintsChris Olave
94%
Round 1 Pick 2TexansC.J Stroud
83%
Round 1 Pick 6CardinalsParis Johnson Jr.
80%
Round 1 Pick 20SeahawksJaxon Smith-Njigba
76%
Round 5 Pick 158SeahawksTyreke Smith
67%
Round 4 Pick 111BrownsDawand Jones
61%
Round 3 Pick 69TitansNicholas Petit-Frere
39%
Round 3 Pick 101JetsJeremy Ruckert
37%
Round 3 Pick 75FalconsZach Harrison
31%
Round 6 Pick 190BrownsLuke Wypler
22%
Round 7 Pick 238RaidersThayer Munford
19%

Score Distribution

Percentile by Number Answered

Percent of People with Each Score

Your Score History

You have not taken this quiz